000 00391nam a22001337a 4500
008 231027b |||||||| |||| 00| 0 eng d
041 _aeng
082 _bSRI
110 _aSrinivasan, Prakash
_9205025
245 _aInternational Journal of Obstetrics and Gynaecology Nursing 2019-2021
_bVolume No. 6 to 8 Year
260 _aChennai
_bMcMed International
300 _a255P.
942 _cBV
999 _c356421
_d356421